00542nam a22001692 4500001001100000005001700011008004100028020001700069040001500086100002900101245003800130260003200168300001400200650004900214650005000263650005900313000000604320151217152011.0070912s xx 000 0 eng d a0425168727 : aKABUcKABU1 aJakes, T. D.@000014147914aThe Lady, her lover and her Lord. aNew York :bBerkley,c1998. ax, 239 p. 0aChristian womenxReligious life.@0000005344 0aChristian womenxConduct of life.@0000157409 0aMarriagexReligious aspectsxChristianity.@0000152907